Online
Catalog

Mensaje de despedida del ing. Fernando Periche Vidal en el acto de toma de posesión del nuevo administrador general de la C. D. E. Lic. José E. Florentino R. (Record no. 29679)

MARC details
000 -CABECERA
campo de control de longitud fija 00592nam a2200157 a 4500
001 - NÚMERO DE CONTROL
campo de control 000030187
005 - FECHA Y HORA DE LA ÚLTIMA TRANSACCIÓN
campo de control 20200930060121.0
008 - DATOS DE LONGITUD FIJA--INFORMACIÓN GENERAL
campo de control de longitud fija 110504s1981 dr c 000 0 spa d
040 ## - FUENTE DE LA CATALOGACIÓN
Centro catalogador/agencia de origen DO-SdBNP
Lengua de catalogación spa
Centro/agencia transcriptor BNPHU
082 ## - NÚMERO DE LA CLASIFICACIÓN DECIMAL DEWEY
Número de clasificación xxx
Número de documento/Ítem P441m
049 ## - FONDOS LOCALES (OCLC)
Fondos de biblioteca BNPD
100 1# - ENTRADA PRINCIPAL--NOMBRE DE PERSONA
Nombre de persona Periche Vidal, Fernándo
9 (RLIN) 55307
245 10 - MENCIÓN DE TÍTULO
Título Mensaje de despedida del ing. Fernando Periche Vidal en el acto de toma de posesión del nuevo administrador general de la C. D. E. Lic. José E. Florentino R.
260 ## - PUBLICACIÓN, DISTRIBUCIÓN, ETC.
Lugar de publicación, distribución, etc. Santo Domingo :
Nombre del editor, distribuidor, etc. Corporación Dominicana de Electricidad,
Fecha de publicación, distribución, etc. 1981.
300 ## - DESCRIPCIÓN FÍSICA
Extensión [14 p.] :
Otras características físicas retr. ;
Dimensiones 23 cm.
Holdings
Estado de retiro Estado de pérdida No para préstamo Código de colección Localización permanente Ubicación/localización actual Ubicación en estantería Fecha de adquisición Número de inventario Total de préstamos Signatura topográfica completa Código de barras Fecha visto por última vez Precio válido a partir de Tipo de ítem Koha
      Patrimonio Dominicano Patrimonio Dominicano Patrimonio Dominicano Orden iniciada 04.05.2011 LF1   xxx P441m 30187-10 25.06.2020 25.06.2020 Libro y Folleto Colección Patrimonio Dominicano

Powered by Koha